00368nam a2200109Ia 4500008004100000082000800041100001200049245007700061942000600138952009900144999001500243240331s9999 xx 000 0 und d bARU aArunan, 0aArunan kadduraikal :bkalappirar kalam muthal thamil cinema ulakam varai cL 001040708LaWERCLbWERCLcSSCd2024-03-31l0o 894.811 ARUp1565r2024-03-31w2024-03-31yL c3848d3848